| 000 | 00619nam a2200169Ia 4500 | ||
|---|---|---|---|
| 008 | 090711s9999 xx 000 0 und d | ||
| 082 | _b57983 | ||
| 100 | _aनारायण जयप्रकाश | ||
| 245 | _aविद्यार्थ्यामध्ये | ||
| 260 |
_bपरंधाम प्रकाशन _c1938 |
||
| 300 | _a46 | ||
| 600 | _aनारायण जयप्रकाश | ||
| 630 | _aविद्यार्थ्यामध्ये | ||
| 700 | _aनारायण जयप्रकाश | ||
| 730 | _aविद्यार्थ्यामध्ये | ||
| 942 | _cBOOK | ||
| 999 |
_c289796 _d289796 |
||